000 00282nam a2200121Ia 4500
008 170620s9999 xx 000 0 und d
100 _aKHAR - NAND
245 0 _aPHARMACEUTICAL DISPENSING
260 _bCBS DELHI
260 _c2005
300 _a200
546 _aEnglish
690 _aPHARMACEUTICAL DISPENSING
999 _c30664
_d30664